Elizabethans - Sudden Death - Statistics

General Stats
  • This quiz has been taken 39 times
  • The average score is 6 of 20
Answers on the Grid
Answers color-coded by a green-red scale on the quiz's grid according to % correct below.
William Shakespeare
Walter Raleigh
Niccolò Machiavelli
Leonardo da Vinci
Mary Queen of Scots
Galileo Galilei
Genghis Khan
Oliver Cromwell
Francis Drake
Johannes Kepler
Leo Tolstoy
James I of England
Joan of Arc
Christopher Columbus
Francis Bacon
Maximilien Robespierre
Charlemagne
Christopher Marlowe
Geronimo
Cardinal Richelieu
Giacomo Casanova
Nicolaus Copernicus
Ivan the Terrible
Hirohito
Mansa Musa
Lady Godiva
Anne Boleyn
Titian
Martin Luther
Guy Fawkes
Alexandre Dumas
Voltaire
Lady Jane Grey
John Knox
Pocahontas
Miguel de Cervantes
Geoffrey Chaucer
Thomas Hobbes
Suleiman the Magnificent
Michelangelo
 
Answer Stats
Answer % Correct
William Shakespeare
91%
Mary Queen of Scots
82%
Walter Raleigh
73%
Francis Drake
64%
Christopher Marlowe
41%
Francis Bacon
36%
James I of England
36%
Guy Fawkes
27%
Johannes Kepler
18%
Cardinal Richelieu
14%
Galileo Galilei
14%
Ivan the Terrible
14%
Pocahontas
14%
Thomas Hobbes
14%
John Knox
9%
Miguel de Cervantes
9%
Oliver Cromwell
9%
Titian
9%
Michelangelo
5%
Suleiman the Magnificent
0%
No matching quizzes found
Score Distribution
Percent of People with Each Score
Percentile by Number Answered
Your Score History
You have not taken this quiz